000 00378cam a2200157ua 4500
003 OSt
008 250802b |||||||| |||| 00| 0 eng d
041 _aeng
082 _a625.7
_bALE/HI
100 _aAlexander, G .
_97648
245 _aHighway engineering and earth work /
250 _a1 /
260 _a :
_bNoble book service ,
_c1962.
300 _a415 ; .
942 _cBK
999 _c2209
_d2209